<?xml version="1.0" encoding="UTF-8"?>
<collection xmlns="http://www.loc.gov/MARC21/slim">
<record>
  <controlfield tag="001">132022</controlfield>
  <controlfield tag="005">20240308105336.0</controlfield>
  <datafield tag="024" ind1="7" ind2=" ">
    <subfield code="2">doi</subfield>
    <subfield code="a">10.26754/CINAIC.2023.0124</subfield>
  </datafield>
  <datafield tag="037" ind1=" " ind2=" ">
    <subfield code="a">COMPON-2023-CINAIC-0124</subfield>
  </datafield>
  <datafield tag="041" ind1=" " ind2=" ">
    <subfield code="a"></subfield>
  </datafield>
  <datafield tag="100" ind1=" " ind2=" ">
    <subfield code="a">Martín-Núñez,  José Luis</subfield>
    <subfield code="u">Universidad Politécnica de Madrid, España</subfield>
  </datafield>
  <datafield tag="245" ind1=" " ind2=" ">
    <subfield code="a">Modelo flexible de aula invertida adaptativa</subfield>
  </datafield>
  <datafield tag="260" ind1=" " ind2=" ">
    <subfield code="a">Zaragoza</subfield>
    <subfield code="b">Universidad de Zaragoza, Servicio de Publicaciones</subfield>
    <subfield code="c">2023</subfield>
  </datafield>
  <datafield tag="300" ind1=" " ind2=" ">
    <subfield code="e"></subfield>
  </datafield>
  <datafield tag="520" ind1="3" ind2=" ">
    <subfield code="a">El método de Aula Invertida está en continua evolución, incorporando procesos, técnicas, tecnologías y servicios de nuevas tendencias de innovación educativa. En este trabajo se analiza la incorporación de modelos adaptativos que generan procesos personalizados de aprendizaje. Se comienza identificando distintos modelos que analizan evidencias del alumnado para personalizar recursos, principalmente de la fase correspondiente a la “Lección en Casa”. Posteriormente se integran todos los modelos en un modelo más global. Dicho modelo es flexible ya que se podría transformar en cualquiera de los diferentes modelos previos individuales, también se puede adaptar a distintas estrategias de aprendizaje del método de Aula Invertida. Este modelo nos permitirá clasificar y analizar cualquier experiencia de Aula Invertida Adaptativa independientemente de cuando se realice la adaptación.</subfield>
  </datafield>
  <datafield tag="506" ind1=" " ind2=" ">
    <subfield code="a">Access copy available to the general public</subfield>
    <subfield code="f">Unrestricted</subfield>
  </datafield>
  <datafield tag="540" ind1=" " ind2=" ">
    <subfield code="9">info:eu-repo/semantics/openAccess</subfield>
    <subfield code="a">by-nc-nd</subfield>
    <subfield code="u">http://creativecommons.org/licenses/by-nc-nd/3.0/es/</subfield>
  </datafield>
  <datafield tag="653" ind1="1" ind2=" ">
    <subfield code="a">Flipped Classroom, Micro Flip Teaching, Aprendizaje Adaptativo, Aprendizaje Personalizado  </subfield>
  </datafield>
  <datafield tag="653" ind1="1" ind2=" ">
    <subfield code="a">Flipped Classroom, Micro Flip Teaching, Adaptive Learning , Personalized Learning  </subfield>
  </datafield>
  <datafield tag="655" ind1=" " ind2="4">
    <subfield code="a">Comunicación</subfield>
  </datafield>
  <datafield tag="700" ind1=" " ind2=" ">
    <subfield code="a">Fidalgo-Blanco,  Ángel</subfield>
    <subfield code="u">Universidad Politécnica de Madrid, España</subfield>
  </datafield>
  <datafield tag="700" ind1=" " ind2=" ">
    <subfield code="a">García Ruesgas,  Laura</subfield>
    <subfield code="u">Universidad de Sevilla, España</subfield>
  </datafield>
  <datafield tag="700" ind1=" " ind2=" ">
    <subfield code="a">Sein-Echaluce,  María Luisa</subfield>
    <subfield code="u">Universidad de Zaragoza, España</subfield>
  </datafield>
  <datafield tag="773" ind1=" " ind2=" ">
    <subfield code="d">Zaragoza</subfield>
    <subfield code="g">Actas del VII Congreso Internacional sobre Aprendizaje, Innovación y Cooperación, CINAIC 2023 (18-20 de Octubre de 2023, Madrid, España)



</subfield>
  </datafield>
  <datafield tag="856" ind1="4" ind2=" ">
    <subfield code="s">881521</subfield>
    <subfield code="u">http://zaguan.unizar.es/record/132022/files/124.pdf</subfield>
  </datafield>
  <datafield tag="909" ind1="C" ind2="O">
    <subfield code="o">oai:zaguan.unizar.es:132022</subfield>
    <subfield code="p">comunicaciones-ponencias</subfield>
  </datafield>
  <datafield tag="970" ind1=" " ind2=" ">
    <subfield code="a">COMPON-2023-CINAIC-0124</subfield>
  </datafield>
  <datafield tag="980" ind1=" " ind2=" ">
    <subfield code="a">COMPON</subfield>
  </datafield>
</record>
</collection>